Statistics for Countries with the same name in English and Serbo-Croatian

Click here to take the quiz!

General Stats

  • This quiz has been taken 105 times
    (16 since last reset)
  • The average score is 27 of 40

Answer Stats

Country% Correct
Japan
92%
Panama
92%
Peru
92%
Argentina
85%
Pakistan
85%
Sudan
85%
Brazil
77%
Mali
77%
Oman
77%
Palau
77%
Uzbekistan
77%
Benin
69%
Haiti
69%
Honduras
69%
Iran
69%
Kiribati
69%
Laos
69%
Malta
69%
Nauru
69%
Niger
69%
Portugal
69%
Samoa
69%
Togo
69%
Turkmenistan
69%
Tuvalu
69%
Vanuatu
69%
Grenada
62%
Jordan
62%
Nepal
62%
San Marino
62%
Senegal
62%
Tonga
62%
Burundi
54%
Gabon
54%
Kosovo
54%
Uganda
54%
Angola
46%
Barbados
46%
Belize
46%
Burkina Faso
38%

Score Distribution

Percentile by Number Answered

Percent of People with Each Score

Your Score History

You have not taken this quiz since the last reset